Zehn höchste HDI Länder in Afrika - Statistiken

Allgemein
  • Dieses Quiz wurde 122 mal gespielt
  • Das Durchschnittsergebnis liegt bei 7 aus 10
Antwortstatistiken
HDI Bevölkerung Land % Korrekt
0,713 59,1 mio Südafrika
98%
0,683 37,5 mio Marokko
96%
0,731 108 mio Ägypten
95%
0,745 43,8 mio Algerien
90%
0,731 12,2 mio Tunesien
81%
0,785 0,106 mio Seychellen
71%
0,802 1,30 mio Mauritius
61%
0,718 6,70 mio Libyen
50%
0,693 2,57 mio Botswana
42%
0,706 2,32 mio Gabun
21%
Keine übereinstimmenden Quizze gefunden
Verteilung der Resultate
Anzahl Personen mit jedem Resultat
Perzentil nach korrekt beantworteten Fragen
Ihre Resultats-Entwicklung
Sie haben dieses Quiz noch nicht gespielt